000 00625cam a22002293a 4500
001 3055
003 PGUSA
005 20140828083025.0
008 020201s2002||||xxu|||||s|||||000 1 eng d
040 _aPGUSA
_beng
042 _adc
050 4 _aPR
100 1 _aMorris, William,
_d1834-1896
245 1 4 _aThe Wood Beyond the World
_h[electronic resource] /
_cWilliam Morris
260 _bProject Gutenberg,
_c2002
506 _aPublic domain in the USA.
516 _aElectronic text
653 _aFantasy fiction
830 0 _aProject Gutenberg
_v3055
856 4 0 _uhttp://www.gutenberg.org/ebooks/3055
942 _cEB
999 _c232384
_d232384